The statistical analysis of experimental data /
Guardado en:
| Autor Principal: | |
|---|---|
| Formato: | Libro |
| Idioma: | English |
| Publicado: |
New York :
Interscience Publishers,
c1964.
|
| Etiquetas: |
Agregar Etiqueta
Sin Etiquetas, Sea el primero en etiquetar este registro!
|
| LEADER | 00450nam a22001455a 4500 | ||
|---|---|---|---|
| 001 | MAT.inmabb001512 | ||
| 008 | 031124s1964####nyu###########000#0#eng#d | ||
| 005 | 20160601170118.0 | ||
| 245 | 1 | 4 | |a The statistical analysis of experimental data / |c John Mandel. |
| 260 | |a New York : |b Interscience Publishers, |c c1964. | ||
| 300 | |a xi, 410 p. ; |c 24 cm. | ||
| 100 | 1 | |a Mandel, John. | |
| 084 | |a 62 |2 msc2000 | ||
| 010 | |a 64023851 | ||
| 859 | |h 62 |i M271 |p A-1878 |b BIB. MATEMATICA | ||
